Score 0/20 Timer 03:00
0 Plays Today
% Correct
World
97.3%
Alvin
96.2%
Bill
94.4%
Tomb
93%
Seconds
92.4%
Angels
91.6%
Karate
90.5%
Smith
89.5%
Express
81.6%
Rush
80.4%
% Correct
Good
70.8%
Sunshine
69.1%
Lucky
58%
Shanghai
52.5%
Hornet
52%
Funny
38.5%
Report
36.8%
School
34.8%
Soldiers
20.2%
Bone
13.2%

Today's Daily Dose

Remove Ads.
Support Sporcle.
Get the best of Sporcle when you Go Orange. This ad-free experience offers more features, more stats, and more fun while also helping to support Sporcle. Thank you for becoming a member.

You're not logged in!

Compare scores with friends on all Sporcle quizzes.
OR
Log In

Show Comments

Extras

Top Quizzes Today


Score Distribution

Your Account Isn't Verified!

In order to create a playlist on Sporcle, you need to verify the email address you used during registration. Go to your Sporcle Settings to finish the process.

Report this User

Report this user for behavior that violates our Community Guidelines.

Details: